"Trials, Tribulations and triumphs " (Record no. 506161)

000 -LEADER
fixed length control field 00447nam a2200157Ia 4500
008 - FIXED-LENGTH DATA ELEMENTS--GENERAL INFORMATION
fixed length control field 181115s2018 xx 000 0 und d
100 ## - MAIN ENTRY--PERSONAL NAME
Personal name T.K. Oommen
245 ## - TITLE STATEMENT
Title "Trials, Tribulations and triumphs "
Remainder of title life and times of a sociologist
260 ## - PUBLICATION, DISTRIBUTION, ETC.
Place of publication, distribution, etc. New DElhi
Name of publisher, distributor, etc. Konark Publications
260 ## - PUBLICATION, DISTRIBUTION, ETC.
Date of publication, distribution, etc. 2018
300 ## - PHYSICAL DESCRIPTION
Extent 304p.
365 ## - TRADE PRICE
Price amount 695
520 ## - SUMMARY, ETC.
Summary, etc. "Oommen, T.K. - 1937"
520 ## - SUMMARY, ETC.
Summary, etc. Sociologists - India - Biography
520 ## - SUMMARY, ETC.
Summary, etc. Sociology
Holdings
Withdrawn status Lost status Damaged status Not for loan Permanent Location Current Location Date acquired Cost, normal purchase price Total Checkouts Full call number Barcode Date last seen Date last checked out Price effective from Koha item type
        Indian Institute of Public Administration Indian Institute of Public Administration 2018-12-07 695.00 1 B1x54 Oo9 87776 2019-05-14 2019-04-25 2018-12-07 Book

Powered by Koha